000 00558nam a22001937a 4500
005 20260311124257.0
008 260311b |||||||| |||| 00| 0 eng d
037 _cDSWL
040 _aDSWL
_cDSWL
041 _hHindi
084 _aR3,21 Q5
100 _aरवि, राजेंद्र
_91131654
245 _aआदर्शवाद के आयाम
260 _aNew Delhi,
_bIDS,
_c2015
300 _a275p
365 _aINR
_b410
942 _2CC
_cTEXL
_hR3,21 Q5
_n0
999 _c1715115
_d1715115